00438nam a2200181 a 4500001001300000003000900013005001700022008004100039020001000080082001500090100001900105245001000124260003600134300000900170500003500179650002300214700001900237nice12345678IN_TiNIC20260116015237.0070809s1984 bana grp 000 0 eng  ac10000a297.1bFAZ aFazlur, Rahman aIslam aBandungbPenerbit Pustakac1984 a410p aincludes index and biblioraphy aIslam-Meccan Trade1 aFazlur, Rahman